000 00756nam a2200241Ia 4500
003 OSt
005 20220923220701.0
006 a|||||r|||| 00| 0
007 ta
008 220922b |||||||| |||| 00| 0 hin d
024 _a189,121
037 _cTextual
040 _aARTS
_cARTS
_bhin
041 _2hin
_ahin
082 _aO152,2N105x, L2
100 _aसिंह, चन्द्र प्रकाश
_9158533
245 0 _aअग्नि परीक्षा
246 _aAgni parīkṣhā
260 _aपटना
_b अनुपम प्रकाशन
_c1972
300 _a167 पृ.
_ccm.
942 _hO152,2N105x, L2
_cTEXL
_2CC
999 _c341974
_d341974